| 000 | 00857 a2200229 4500 | ||
|---|---|---|---|
| 999 |
_c4435 _d4435 |
||
| 010 | _aENG-86307 | ||
| 020 |
_a817214850X _c100.00 |
||
| 035 | _aEN-69840 | ||
| 037 | _bDBAD / PUB | ||
| 082 | 1 | 4 | _a280 |
| 245 | 0 | 0 |
_aReconciling mission : _bthe ministry of healing and reconciliation in the Church worldwide / _ced. by Kirsteen Kim |
| 260 |
_aDelhi _bIndian Society for Promoting Christian Knowledge _c2005 |
||
| 300 |
_axxi, 219 p. _c23 cm. (Pbk) |
||
| 490 | 0 |
_aSelly Oak Mission series ; _vvol. 1 |
|
| 500 | _aIncludes bibliographical references | ||
| 520 | _aContributed papers presented at various seminars. | ||
| 650 | 0 |
_aReconciling _xReligious aspects _xChristianity |
|
| 650 | 0 |
_aHealing _xReligious aspects _xChristianity |
|
| 700 | 1 | _aKim, Kirsteen. | |
| 710 | 2 | _aI.S.P.C.K. (Organization) | |
| 942 |
_adpl _cEN _2ddc _h280 _mREC |
||